Handbook of structural and mechanical matrices : definitions, transport matrices, stiffness matrices, finite differences, finite elements, graphs and tables of matrix coefficients /

Bibliographic Details
Main Author: Tuma, Jan J.
Format: Book
Language:English
Published: New York : McGraw-Hill, [1988]
Subjects:

MARC

Tag First Indicator Second Indicator Subfields
LEADER 00000cam a2200000 a 4500
001 in00000009591
005 20151007051624.0
008 870107s1988 nyua b 00110 eng
010 |a  87002585  
020 |a 0070654336 :  |c $59.50 
035 |a (OCoLC)15108206 
035 |9 AAA3962AM 
040 |a DLC  |c DLC  |d UtOrBLW 
049 |a TXAM  |c [A11039718] 
050 0 0 |a TA642  |b .T86 1988 
082 0 |a 624.1/7  |2 19 
100 1 |a Tuma, Jan J. 
245 1 0 |a Handbook of structural and mechanical matrices :  |b definitions, transport matrices, stiffness matrices, finite differences, finite elements, graphs and tables of matrix coefficients /  |c Jan J. Tuma. 
264 1 |a New York :  |b McGraw-Hill,  |c [1988] 
264 4 |c ©1988 
300 |a x, 556 pages :  |b illustrations ;  |c 25 cm. 
336 |a text  |b txt  |2 rdacontent 
337 |a unmediated  |b n  |2 rdamedia 
338 |a volume  |b nc  |2 rdacarrier 
504 |a Bibliography: pages 543-545. 
500 |a Includes index. 
650 0 |a Structural analysis (Engineering)  |x Matrix methods  |x Handbooks, manuals, etc. 
999 |a MARS 
999 f f |s c4b2ac93-2b2a-3980-8c32-445b604bfa3c  |i 217684ca-3f6e-36c7-bae1-a132b7c90944  |t 0 
952 f f |p ric  |a Texas A&M University  |b Rellis Campus  |c Joint Library Facility  |d Remote Storage  |t 0  |e TA642 .T86 1988  |h Library of Congress classification  |i unmediated -- volume  |m A14811039718 
998 f f |a TA642 .T86 1988  |t 0  |l Remote Storage